Logo Quiz 2 - Statistieken

Algemene statistieken
  • Deze quiz is 832 keer genomen
  • De gemiddelde score is 12 van 16
Antwoordstatistieken
Foto Antwoord % Correct
Shell
97%
Bmw
94%
Pepsi
94%
Lego
93%
Coca Cola
92%
Snapchat
92%
Spotify
92%
Playstation
91%
Nasa
90%
Tesla
90%
Firefox
82%
Reddit
66%
FedEx
62%
Under Armour
43%
Hulu
37%
NBC
26%
Geen overeenkomende quizzen gevonden
Scoreverdeling
Procent van Mensen met Elke Score
Percentiel versus Aantal Correcte Antwoorden
Uw Scoregeschiedenis
U heeft deze quiz nog niet genomen